000 00412pab a2200169 454500
008 180718b2003 xxu||||| |||| 00| 0 eng d
100 _aBoone, Jan
245 _aTax policy in a matching model with training
260 _c2003
300 _ap.121-47.
362 _aJan
650 _aFiscal policy
650 _aTaxation
700 _aMooij, Rund A. de
773 _aOxford Economic Papers
909 _a56827
999 _c56827
_d56827